<?xml version="1.0" encoding="UTF-8"?>
<record
    xmlns:xsi="http://www.w3.org/2001/XMLSchema-instance"
    xsi:schemaLocation="http://www.loc.gov/MARC21/slim http://www.loc.gov/standards/marcxml/schema/MARC21slim.xsd"
    xmlns="http://www.loc.gov/MARC21/slim">

  <leader>00749nam a2200229 a 4500</leader>
  <controlfield tag="001">48751</controlfield>
  <controlfield tag="003">BD-RjUL</controlfield>
  <controlfield tag="005">20211209054559.0</controlfield>
  <controlfield tag="008">160816s1966    bg            000 p ben d</controlfield>
  <datafield tag="020" ind1=" " ind2=" ">
    <subfield code="c"> : Tk. 2.00</subfield>
  </datafield>
  <datafield tag="035" ind1=" " ind2=" ">
    <subfield code="a">(BD-RjUL)48870</subfield>
  </datafield>
  <datafield tag="040" ind1=" " ind2=" ">
    <subfield code="a">BD-RjUL</subfield>
    <subfield code="c">BD-RjUL</subfield>
    <subfield code="d">BD-RjUL</subfield>
    <subfield code="b">ben</subfield>
  </datafield>
  <datafield tag="041" ind1=" " ind2=" ">
    <subfield code="a">ben</subfield>
  </datafield>
  <datafield tag="082" ind1="0" ind2="4">
    <subfield code="2">23</subfield>
    <subfield code="a">891.441</subfield>
    <subfield code="b">SHP 1966</subfield>
  </datafield>
  <datafield tag="100" ind1="1" ind2="0">
    <subfield code="a">&#x9B6;&#x9B0;&#x9C0;&#x9AB;, &#x986;&#x9B9;&#x9AE;&#x9A6;</subfield>
    <subfield code="9">147071</subfield>
  </datafield>
  <datafield tag="245" ind1="1" ind2="0">
    <subfield code="a">&#x9AA;&#x9C1;&#x9A5;&#x9BF;&#x9B0; &#x9AB;&#x9B8;&#x9B2; /</subfield>
    <subfield code="c">&#x986;&#x9B9;&#x9AE;&#x9A6; &#x9B6;&#x9B0;&#x9C0;&#x9AB;</subfield>
  </datafield>
  <datafield tag="260" ind1=" " ind2=" ">
    <subfield code="a">&#x9A2;&#x9BE;&#x995;&#x9BE; : </subfield>
    <subfield code="b">&#x9AA;&#x9BE;&#x995;&#x9BF;&#x9B8;&#x9CD;&#x9A4;&#x9BE;&#x9A8; &#x9AA;&#x9BE;&#x9AC;&#x9B2;&#x9BF;&#x995;&#x9C7;&#x9B6;&#x9BE;&#x9A8;&#x9B8;, </subfield>
    <subfield code="c">&#x9E7;&#x9EF;&#x9EC;&#x9EC;</subfield>
  </datafield>
  <datafield tag="300" ind1=" " ind2=" ">
    <subfield code="a">&#x9E7;&#x9E6;&#x9E8; &#x9AA;&#x9C3;. ;</subfield>
    <subfield code="c">&#x9E8;&#x9E7; &#x9B8;&#x9C7;&#x9AE;&#x9BF;.</subfield>
  </datafield>
  <datafield tag="650" ind1=" " ind2="0">
    <subfield code="a">&#x9AC;&#x9BE;&#x982;&#x9B2;&#x9BE; &#x995;&#x9AC;&#x9BF;&#x9A4;&#x9BE;</subfield>
    <subfield code="9">9451</subfield>
  </datafield>
  <datafield tag="650" ind1=" " ind2="0">
    <subfield code="a">Bengali poetry  </subfield>
    <subfield code="9">117526</subfield>
  </datafield>
  <datafield tag="942" ind1=" " ind2=" ">
    <subfield code="2">ddc</subfield>
    <subfield code="c">BK</subfield>
  </datafield>
  <datafield tag="999" ind1=" " ind2=" ">
    <subfield code="c">48751</subfield>
    <subfield code="d">48751</subfield>
  </datafield>
  <datafield tag="952" ind1=" " ind2=" ">
    <subfield code="0">0</subfield>
    <subfield code="1">0</subfield>
    <subfield code="2">ddc</subfield>
    <subfield code="4">0</subfield>
    <subfield code="7">0</subfield>
    <subfield code="8">NFIC</subfield>
    <subfield code="a">RUCL</subfield>
    <subfield code="b">RUCL</subfield>
    <subfield code="c">Stack</subfield>
    <subfield code="d">0000-00-00</subfield>
    <subfield code="e">Nawrose</subfield>
    <subfield code="g">2.12</subfield>
    <subfield code="l">0</subfield>
    <subfield code="o">B 891.441 SHP 1966</subfield>
    <subfield code="r">2016-08-16 00:00:00</subfield>
    <subfield code="t">C-2</subfield>
    <subfield code="w">2016-08-16</subfield>
    <subfield code="y">BK</subfield>
  </datafield>
  <datafield tag="952" ind1=" " ind2=" ">
    <subfield code="0">0</subfield>
    <subfield code="1">0</subfield>
    <subfield code="2">ddc</subfield>
    <subfield code="4">0</subfield>
    <subfield code="7">0</subfield>
    <subfield code="8">NFIC</subfield>
    <subfield code="a">RUCL</subfield>
    <subfield code="b">RUCL</subfield>
    <subfield code="c">Stack</subfield>
    <subfield code="d">0000-00-00</subfield>
    <subfield code="e">Nawrose</subfield>
    <subfield code="g">2.12</subfield>
    <subfield code="l">0</subfield>
    <subfield code="o">B 891.441 SHP 1966</subfield>
    <subfield code="r">2016-08-16 00:00:00</subfield>
    <subfield code="t">C-3</subfield>
    <subfield code="w">2016-08-16</subfield>
    <subfield code="y">BK</subfield>
  </datafield>
  <datafield tag="952" ind1=" " ind2=" ">
    <subfield code="0">0</subfield>
    <subfield code="1">0</subfield>
    <subfield code="2">ddc</subfield>
    <subfield code="4">0</subfield>
    <subfield code="7">0</subfield>
    <subfield code="8">NFIC</subfield>
    <subfield code="a">RUCL</subfield>
    <subfield code="b">RUCL</subfield>
    <subfield code="c">Stack</subfield>
    <subfield code="d">0000-00-00</subfield>
    <subfield code="e">Nawrose</subfield>
    <subfield code="g">2.12</subfield>
    <subfield code="l">0</subfield>
    <subfield code="o">B 891.441 SHP 1966</subfield>
    <subfield code="r">2016-08-16 00:00:00</subfield>
    <subfield code="t">C-4</subfield>
    <subfield code="w">2016-08-16</subfield>
    <subfield code="y">BK</subfield>
  </datafield>
  <datafield tag="952" ind1=" " ind2=" ">
    <subfield code="0">0</subfield>
    <subfield code="1">0</subfield>
    <subfield code="2">ddc</subfield>
    <subfield code="4">0</subfield>
    <subfield code="7">0</subfield>
    <subfield code="8">NFIC</subfield>
    <subfield code="a">RUCL</subfield>
    <subfield code="b">RUCL</subfield>
    <subfield code="c">Stack</subfield>
    <subfield code="d">0000-00-00</subfield>
    <subfield code="e">Nawrose</subfield>
    <subfield code="g">2.12</subfield>
    <subfield code="l">0</subfield>
    <subfield code="o">B 891.441 SHP 1966</subfield>
    <subfield code="r">2016-08-16 00:00:00</subfield>
    <subfield code="t">C-5</subfield>
    <subfield code="w">2016-08-16</subfield>
    <subfield code="y">BK</subfield>
  </datafield>
  <datafield tag="952" ind1=" " ind2=" ">
    <subfield code="0">0</subfield>
    <subfield code="1">0</subfield>
    <subfield code="2">ddc</subfield>
    <subfield code="4">0</subfield>
    <subfield code="7">0</subfield>
    <subfield code="8">NFIC</subfield>
    <subfield code="a">RUCL</subfield>
    <subfield code="b">RUCL</subfield>
    <subfield code="c">Stack</subfield>
    <subfield code="d">0000-00-00</subfield>
    <subfield code="e">Nawrose</subfield>
    <subfield code="g">2.12</subfield>
    <subfield code="l">0</subfield>
    <subfield code="o">B 891.441 SHP 1966</subfield>
    <subfield code="r">2016-08-16 00:00:00</subfield>
    <subfield code="t">C-6</subfield>
    <subfield code="w">2016-08-16</subfield>
    <subfield code="y">BK</subfield>
  </datafield>
  <datafield tag="952" ind1=" " ind2=" ">
    <subfield code="0">0</subfield>
    <subfield code="1">0</subfield>
    <subfield code="2">ddc</subfield>
    <subfield code="4">0</subfield>
    <subfield code="7">1</subfield>
    <subfield code="8">NFIC</subfield>
    <subfield code="a">RUCL</subfield>
    <subfield code="b">RUCL</subfield>
    <subfield code="c">Reading</subfield>
    <subfield code="d">1966-12-15</subfield>
    <subfield code="g">2.00</subfield>
    <subfield code="l">0</subfield>
    <subfield code="o">B 891.441 SHP 1966</subfield>
    <subfield code="r">2017-02-16 00:00:00</subfield>
    <subfield code="t">C-1</subfield>
    <subfield code="w">2017-02-16</subfield>
    <subfield code="y">BK</subfield>
  </datafield>
  <datafield tag="952" ind1=" " ind2=" ">
    <subfield code="0">0</subfield>
    <subfield code="1">0</subfield>
    <subfield code="2">ddc</subfield>
    <subfield code="4">0</subfield>
    <subfield code="7">0</subfield>
    <subfield code="8">NFIC</subfield>
    <subfield code="a">RUCL</subfield>
    <subfield code="b">RUCL</subfield>
    <subfield code="c">Stack</subfield>
    <subfield code="d">1968-06-12</subfield>
    <subfield code="e">Nowrj kittan</subfield>
    <subfield code="g">2.00</subfield>
    <subfield code="l">0</subfield>
    <subfield code="o">B 891.441 SHP 1966</subfield>
    <subfield code="r">2017-02-16 00:00:00</subfield>
    <subfield code="t">C-7</subfield>
    <subfield code="w">2021-12-09</subfield>
    <subfield code="y">BK</subfield>
  </datafield>
</record>
